000 00641nam a2200157Ia 4500
005 20241125074312.0
008 240331s9999 xx 000 0 und d
020 _a0415202671
082 _bBEN
_a907
100 _aBently, M
245 0 _aModern historiography :
_ban introduction
260 _aLondon & New York
_bRoutledge
_c1999
300 _aXII, 182 P.,
500 _aModern Historiography is the essential introduction to the history of historical writing. It explains the broad philosophical background to the different historians and historical schools of the modern era. In a unique overview of modern historiography.
942 _cL
999 _c3421
_d3421